PREHĽAD NAJPOUŽÍVANEJŠÍCH METÓD NA PRÍPRAVU 125I-JÓDOVANÝCH BIELKOVÍN PRE POUŽITIE V RÁDIOIMUNOANALÝZE

Podrobná bibliografia
Hlavní autori: Chudý, Dušan (Autor), Mucha, J. (Autor), Talán, P. (Autor)
Médium: Článok
Jazyk:slovenčina

MARC

LEADER 00000nab a2200000 a 4500
001 vtls011133193
003 SK-MaSNL
005 20260303114043.0
008 230121|1993 xo |||||||||||||||||slo|
015 |a SNBRB 
035 |a (uuid)673d868c-2569-4b6d-a9b3-14ba9b2cb222 
035 |a (urnnbn)urn:nbn:sk:snk:ar-a09neg 
035 |a urn:nbn:sk:snk-abaayl 
040 |a SNKBUCL  |b slo  |c SNKBUCL  |e AACR2 
041 0 |a slo 
044 |a xo  |c SK 
100 1 |a Chudý, Dušan  |4 aut  |9 279262 
245 1 0 |a PREHĽAD NAJPOUŽÍVANEJŠÍCH METÓD NA PRÍPRAVU 125I-JÓDOVANÝCH BIELKOVÍN PRE POUŽITIE V RÁDIOIMUNOANALÝZE  |c D. Chudý, J. Mucha, P. Talán 
700 1 |a Mucha, J.  |4 aut  |9 798877 
700 1 |a Talán, P.  |4 aut  |9 1128097 
773 0 |t Imunoanalýza : (Bratisl.)  |g Roč. 3, č. 3 (1993), s. [11]-21 
954 |a odborná, vedecká literatúra pôvodná (slovenská)  |2 lita 
958 |a OND 
958 |a EUIPO 
958 |a article13 
999 |c 1896813  |d 1898743